000 00845nam a2200229 a 4500
999 _c12491
_d12491
001 12491
003 BD-JhCC
005 20221011134023.0
008 220312b20022021bg |||| ||a| 001 0 ben d
020 _a9789849005315
035 _a(BD-JhCC)12491
040 _aBD-JhCC
_dBD-JhCC
041 _aBengali
082 _a297
_bJAH 2021
100 _aজাহাঙ্গীর,ড.খোন্দকার আব্দুল্লাহ
245 _aরাহে বেলায়েত /
_cড.খোন্দকার আব্দুল্লাহ জাহাঙ্গীর (রাহিমাহুল্লাহ)।
260 _aঝিনাইদহ :
_bআস-সুন্নাহ পাবলিকেশন্স;
_c২০২১.
300 _a720 p. :
_c22 cm.
651 _aDawaat
942 _2ddc
_cBK
_01